000 00865nam a22003011 4500
001 bimo0001608572
003 DO-SdBNP
005 20180205153546.0
008 000401s1965 sp spa
016 7 _a
_z
_2BPMSU
017 _a
_b
035 _a
040 _aBPMSU
_bspa
_cBPMSU
080 0 _a
082 _aXXX
_bXXX
100 1 _aWölfel, Ursula
_d1922-2014
240 _aJulius
_lEspañol
245 1 4 _aLas travesuras de Julio /
_h
_ctraducción, Adriana Matons de Malagrida ; ilustraciones, Horst Lemke
260 _aBarcelona :
_bNoguer,
_c1965
300 _a97 p.
_bil.
_c20 cm
490 0 _a Mundo mágico
_v
700 1 2 _aLemke, Horst
_eils.
700 1 1 _aMatons de Malagrida, Adriana
_etr.
830 _a Mundo mágico
942 _2ddc
_cBK
945 _aInventariado, 2018/ YL
956 _aVMATEO
_b10
_c20170224
_dBPMSU
_f0069
999 _c12560
_d12560